000
00275nam a2200097Ia 4500
001
802847
005
20250826171104.0
008
250824s9999 xx 000 0 und d
245
0
_a
UZAY MACERALARI ACAYİP YARIŞMALAR DİYARI
_c
NAZLI ASPAY SENER
260
_b
GENÇ HAYAT YAYINLARI
999
_c
802847
_d
802847